Mots de 10 lettres par définition - Statistiques

Statistiques générales
  • Ce quiz a été pris 144 fois
  • Le résultat moyen est 8 sur 15
Statistiques - réponses
Genre Définition Mot % Correct
Nom Féminin Temps accordé aux élèves pour leur permettre de jouer ou de se détendre. Récréation
91%
Nom Masculin Toile tendue sur des ressorts d'acier, sur laquelle on effectue des figures en sautant et en rebondissant ; sport ainsi pratiqué. Trampoline
91%
Nom Féminin Amphibien ranidé, très commun dans les eaux douces, caractérisé par son aptitude au saut et à la nage, sa peau nue, sa pupille horizontale et son cri, le coassement. Grenouille
90%
Nom Masculin Instrument destiné à observer de petits objets dont un système de lentilles fournit une image très agrandie. Microscope
82%
Nom Féminin Toute substance qui sert à l'alimentation des êtres vivants. Nourriture
74%
Nom Féminin Chou blanc haché, salé et fermenté, cuit dans de la graisse avec du vin blanc, des baies de genièvre et du porc, servi avec des pommes de terre bouillies. Choucroute
71%
Nom Féminin Concrétion calcaire qui se forme au plafond des grottes. Stalactite
69%
Nom Masculin Mot, tour syntaxique ou sens de la langue anglaise introduit dans une autre langue. Anglicisme
52%
Nom Masculin Procédé de démocratie semi-directe permettant aux citoyens de manifester eux-mêmes un choix politique. Référendum
50%
Nom Masculin Artisan qui lave les alluvions aurifères pour en retirer les paillettes d'or. Orpailleur
45%
Nom Masculin Nuage stratifié reposant sur la surface du sol, presque toujours par temps calme, formé de gouttelettes d'eau liquide pleines. Brouillard
42%
Nom Féminin Nom usuel de diverses plantes de la famille des composées dont le capitule est constitué de fleurons centraux jaunes et de ligules blanches. Marguerite
34%
Nom Masculin Personne qui s'empare par des moyens illégitimes d'une souveraineté, d'un pouvoir, d'un bien, etc. Usurpateur
22%
Nom Féminin Grande entaille faite par une lame tranchante, principalement au visage. Estafilade
10%
Nom Masculin Personne qui seconde et remplace le chef. Lieutenant
9%
Aucun quiz correspondant
Distribution des résultats
% des personnes avec chaque résultat
Percentile par nombre de réponses
Votre historique - résultats
Vous n’avez pas pris ce quiz